Ekonomické aspekty harmonizácie trhu verejnej dopravy

Harmonizácia podnikateľských podmienok ako dopravná politika štátu. Vzájomná nadväznosť dopravných podsystémov. Ekonomické aspekty. Vplyvy pôsobiace na dopyt po výrobkoch a službách. Regulácia dopravného trhu a jej funkcia. Požiadavky na efektívne rozmiestnenie a použitie zdrojov. Verejný orgán v p...

ver descrição completa

Na minha lista:
Detalhes bibliográficos
Autor principal: Hreusík, Stanislav
Formato: Capítulo de Livro
Idioma:eslovaco
Assuntos:
Tags: Adicionar Tag
Sem tags, seja o primeiro a adicionar uma tag!

MARC

LEADER 00000naa$a2200000$$$4500
001 0025043
005 20230825085951.8
041 0 |a slo 
044 |a SK 
245 1 0 |a Ekonomické aspekty harmonizácie trhu verejnej dopravy  |c Stanislav Hreusík 
520 |a Harmonizácia podnikateľských podmienok ako dopravná politika štátu. Vzájomná nadväznosť dopravných podsystémov. Ekonomické aspekty. Vplyvy pôsobiace na dopyt po výrobkoch a službách. Regulácia dopravného trhu a jej funkcia. Požiadavky na efektívne rozmiestnenie a použitie zdrojov. Verejný orgán v podmienkach nesebestačnosti trhu. Oblasti pre harmonizáciu podnikateľských podmienok na dopravnom trhu. 
610 2 0 |a politika dopravná 
610 2 0 |a doprava verejná 
610 2 0 |a trh dopravný 
610 2 0 |a harmonizácia 
610 2 0 |a dopyt trhový 
610 2 0 |a zdroje finančné 
610 2 0 |a distribúcia 
610 2 0 |a efektívnosť 
610 2 0 |a sebestačnosť 
610 2 0 |a politika fiškálna 
610 2 0 |a regulácia cenová 
100 1 |a Hreusík, Stanislav